[Event "Moscow it"]
[Site "Moscow URS"]
[Date "1981.04.05"]
[Round "2"]
[White "Polugaevsky, Lev"]
[Black "Karpov, Anatoly"]
[Result "1/2-1/2"]
[WhiteElo "2620"]
[BlackElo "2690"]
[EventDate "1981.04.04"]
[PlyCount "33"]

1.d4 Nf6 2.c4 e6 3.Nf3 b6 4.g3 Bb7 5.Bg2 Be7 6.O-O O-O 7.Nc3 Ne4 8.Bd2 d6 
9.Rc1 Nxd2 10.Qxd2 c5 11.Rfd1 cxd4 12.Nxd4 Bxg2 13.Kxg2 a6 14.e4 Ra7 15.
Qe2 Qc8 16.b3 Rc7 17.a4 1/2-1/2

[Event "Moscow it"]
[Site "Moscow URS"]
[Date "1981.04.06"]
[Round "3"]
[White "Portisch, Lajos"]
[Black "Kasparov, Garry"]
[Result "1/2-1/2"]
[WhiteElo "2650"]
[BlackElo "2625"]
[EventDate "1981.04.04"]
[PlyCount "98"]

1.d4 Nf6 2.c4 e6 3.Nf3 c5 4.d5 exd5 5.cxd5 d6 6.Nc3 g6 7.Bf4 a6 8.a4 Bg7 
9.e4 Bg4 10.Be2 O-O 11.O-O Re8 12.Nd2 Bxe2 13.Qxe2 Nh5 14.Be3 Nd7 15.g4 
Nhf6 16.f3 h6 17.Kh1 Ne5 18.Rg1 b5 19.g5 hxg5 20.Bxg5 c4 21.axb5 axb5 22.
Rxa8 Qxa8 23.Nxb5 Qb8 24.Na3 Qxb2 25.Naxc4 Nxc4 26.Qxc4 Nh5 27.Qc6 Rb8 28.
Qxd6 Be5 29.Qd7 Qd4 30.Qg4 Rb2 31.Rd1 Qd3 32.Qc8+ Kg7 33.Qc4 Qa3 34.Qe2 
Qa4 35.Rb1 Ra2 36.Be3 Qd7 37.Qf2 Qh3 38.f4 Bc3 39.Bd4+ Bxd4 40.Qxd4+ Kh7 
41.Rg1 Kg8 42.d6 Rxd2 43.Qxd2 Qf3+ 44.Qg2 Ng3+ 45.hxg3 Qh5+ 46.Qh2 Qf3+ 
47.Rg2 Qd1+ 48.Qg1 Qh5+ 49.Rh2 Qf3+ 1/2-1/2

[Event "Moscow it"]
[Site "Moscow URS"]
[Date "1981.04.08"]
[Round "4"]
[White "Petrosian, Tigran"]
[Black "Andersson, Ulf"]
[Result "1/2-1/2"]
[WhiteElo "2585"]
[BlackElo "2610"]
[EventDate "1981.04.04"]
[PlyCount "35"]

1.d4 Nf6 2.c4 e6 3.Nf3 d5 4.g3 dxc4 5.Bg2 c5 6.O-O Nc6 7.Ne5 Bd7 8.Nxc6 
Bxc6 9.Bxc6+ bxc6 10.Qa4 cxd4 11.Qxc6+ Nd7 12.Qxc4 Bc5 13.Nd2 O-O 14.Nf3 
Rc8 15.Bd2 Bb6 16.Qd3 Nc5 17.Qxd4 Qxd4 18.Nxd4 1/2-1/2

[Event "Moscow it"]
[Site "Moscow URS"]
[Date "1981.04.08"]
[Round "4"]
[White "Geller, Efim"]
[Black "Smyslov, Vassily"]
[Result "1/2-1/2"]
[WhiteElo "2615"]
[BlackElo "2545"]
[EventDate "1981.04.04"]
[PlyCount "104"]

1.e4 e5 2.Nf3 Nf6 3.d4 Nxe4 4.Bd3 d5 5.Nxe5 Nd7 6.Nxd7 Bxd7 7.O-O Nf6 8.
Bg5 Be7 9.c3 c6 10.Nd2 O-O 11.Qc2 h6 12.Bh4 Nh5 13.Bxe7 Qxe7 14.Rfe1 Qd6 
15.Nf3 Nf4 16.Bh7+ Kh8 17.Bf5 Bxf5 18.Qxf5 g6 19.Qe5+ Qxe5 20.Nxe5 f6 21.
Nd7 Rf7 22.Nc5 b6 23.Na6 Nd3 24.Re6 Nxb2 25.Rxc6 Re8 26.Nb4 Rd7 27.Rxf6 
Kg7 28.Rf3 a5 29.Nd3 Nxd3 30.Rxd3 Re2 31.Re3 Rc2 32.h4 Rf7 33.f3 Rc7 34.
Rb1 Rc6 35.Rb5 R2xc3 36.Rxc3 Rxc3 37.Rxb6 Ra3 38.Rb5 Rxa2 39.Rxd5 a4 40.
Ra5 Kf6 41.Kh2 a3 42.Ra6+ Kf5 43.Kg3 Ra1 44.Ra5+ Kf6 45.Kf4 a2 46.Ra6+ Ke7
47.h5 gxh5 48.Kf5 h4 49.f4 Kd7 50.d5 Kc7 51.Rc6+ Kd7 52.Ra6 Kc7 1/2-1/2

[Event "Moscow it"]
[Site "Moscow URS"]
[Date "1981.04.08"]
[Round "4"]
[White "Smejkal, Jan"]
[Black "Timman, Jan"]
[Result "1-0"]
[WhiteElo "2535"]
[BlackElo "2620"]
[EventDate "1981.04.04"]
[PlyCount "171"]

1.c4 e5 2.Nc3 Nf6 3.Nf3 Nc6 4.g3 d5 5.cxd5 Nxd5 6.Bg2 Nb6 7.d3 Be7 8.a3 a5
9.Be3 O-O 10.O-O Bg4 11.Rc1 Re8 12.Na4 Nd5 13.Bc5 Bf6 14.Qb3 Rb8 15.Nd2 
Be6 16.Qb5 Nd4 17.Bxd4 exd4 18.Nc5 c6 19.Qa4 Bg4 20.Nde4 Be5 21.f4 Bf6 22.
Rf2 Ne3 23.Nb3 Be6 24.Nbc5 Bg4 25.Bf3 Bxf3 26.exf3 Be7 27.Nb3 Qd5 28.Ned2 
Red8 29.Qxa5 b5 30.Qc7 Bf8 31.Qe5 Qd7 32.Nc5 Bxc5 33.Qxc5 Rbc8 34.Ne4 h6 
35.Qb4 Qd5 36.Rc5 Qa2 37.Rc1 Re8 38.b3 c5 39.Nxc5 Rxc5 40.Qxc5 Qxb3 41.
Qxd4 Nd1 42.Rf1 Re2 43.Rcxd1 Qc2 44.Rf2 Qxd1+ 45.Kg2 Rxf2+ 46.Qxf2 Qxd3 
47.Qb2 f6 48.g4 Kh7 49.Qb4 Qe2+ 50.Kg3 Kh8 51.Qe4 Qf1 52.Qe3 Kh7 53.h4 Kg6
54.Qe8+ Kh7 55.Qe4+ Kg8 56.Qe6+ Kh7 57.Qe4+ Kg8 58.Qe3 Kf7 59.g5 Qb1 60.
Kg4 hxg5 61.fxg5 fxg5 62.hxg5 g6 63.Qf4+ Kg8 64.Qb8+ Kf7 65.Qb7+ Kf8 66.
Qa8+ Kg7 67.Qa7+ Kg8 68.Qb8+ Kf7 69.Qb7+ Kf8 70.Qc8+ Ke7 71.Qc5+ Ke6 72.
Kf4 Qb2 73.Qc6+ Kf7 74.Qd5+ Kf8 75.Qc5+ Kf7 76.Ke3 Qb1 77.Qd5+ Kf8 78.Qd6+
Ke8 79.f4 Kf7 80.Kd4 Qc2 81.Qd7+ Kf8 82.Qxb5 Qf2+ 83.Ke4 Qe1+ 84.Kd5 Qd2+ 
85.Kc6 Qg2+ 86.Qd5 1-0

[Event "Moscow it"]
[Site "Moscow URS"]
[Date "1981.04.09"]
[Round "5"]
[White "Torre, Eugenio"]
[Black "Balashov, Yury"]
[Result "1/2-1/2"]
[WhiteElo "2550"]
[BlackElo "2600"]
[EventDate "1981.04.04"]
[PlyCount "23"]

1.e4 e5 2.Nf3 Nf6 3.Nc3 Nc6 4.Bb5 Nd4 5.Ba4 Bc5 6.d3 O-O 7.O-O c6 8.Nxd4 
exd4 9.Ne2 d5 10.exd5 Nxd5 11.Nf4 Re8 12.Bb3 1/2-1/2

[Event "Moscow it"]
[Site "Moscow URS"]
[Date "1981.04.13"]
[Round "7"]
[White "Timman, Jan"]
[Black "Polugaevsky, Lev"]
[Result "1/2-1/2"]
[WhiteElo "2620"]
[BlackElo "2620"]
[EventDate "1981.04.04"]
[PlyCount "77"]

1.d4 Nf6 2.c4 e6 3.Nc3 Bb4 4.e3 c5 5.Nf3 O-O 6.Bd3 d5 7.O-O cxd4 8.exd4 
dxc4 9.Bxc4 b6 10.Bg5 Bb7 11.Re1 Nbd7 12.Rc1 Rc8 13.Bd3 Be7 14.Qe2 Nd5 15.
Nxd5 Bxg5 16.Rxc8 Bxc8 17.Nb4 Bb7 18.Be4 Be7 19.Bxb7 Bxb4 20.Rc1 Bd6 21.g3
g6 22.Qa6 Bb8 23.Rc8 Qe7 24.Bc6 Nf6 25.a3 Rxc8 26.Qxc8+ Qf8 27.Qb7 Qd8 28.
b4 Qc7 29.Qa8 a5 30.Ne5 axb4 31.axb4 Qa7 32.Qxa7 Bxa7 33.Nc4 b5 34.Nd6 
Bxd4 35.Nxb5 Bb6 36.h3 Kf8 37.Nd6 Bd4 38.Nc8 Nd5 39.b5 1/2-1/2

[Event "Moscow it"]
[Site "Moscow URS"]
[Date "1981.04.14"]
[Round "8"]
[White "Balashov, Yury"]
[Black "Smyslov, Vassily"]
[Result "1/2-1/2"]
[WhiteElo "2600"]
[BlackElo "2545"]
[EventDate "1981.04.04"]
[PlyCount "55"]

1.Nf3 Nf6 2.c4 c6 3.Nc3 d5 4.e3 g6 5.d4 Bg7 6.Be2 O-O 7.O-O Be6 8.b3 c5 9.
Bb2 Nc6 10.dxc5 dxc4 11.bxc4 Nd7 12.Qc1 Nxc5 13.Rd1 Bd7 14.Nd5 e6 15.Bxg7 
Kxg7 16.Qb2+ f6 17.Nf4 Qe7 18.Nd3 b6 19.Nxc5 bxc5 20.Nd2 Rfd8 21.Ne4 Rab8 
22.Qc3 Be8 23.Rxd8 Nxd8 24.Qa5 Rc8 25.Rd1 Nf7 26.h3 f5 27.Qc3+ e5 28.Nd2 
1/2-1/2

[Event "Moscow it"]
[Site "Moscow URS"]
[Date "1981.04.14"]
[Round "8"]
[White "Kasparov, Garry"]
[Black "Petrosian, Tigran"]
[Result "0-1"]
[WhiteElo "2625"]
[BlackElo "2585"]
[EventDate "1981.04.04"]
[PlyCount "82"]

1.d4 Nf6 2.c4 e6 3.Nf3 b6 4.a3 Bb7 5.Nc3 d5 6.cxd5 Nxd5 7.e3 Be7 8.Bb5+ c6
9.Bd3 Nxc3 10.bxc3 c5 11.O-O O-O 12.Qc2 g6 13.e4 Nc6 14.Bh6 Re8 15.Rfd1 
Qc7 16.Qe2 Red8 17.Qe3 e5 18.d5 Na5 19.c4 Nb3 20.Ra2 f6 21.h4 Bc8 22.Rb1 
Nd4 23.Nxd4 cxd4 24.Qg3 Bf8 25.Bd2 Bd6 26.Rf1 Qg7 27.a4 a5 28.Rb2 Bc5 29.
f4 Bd7 30.h5 Bxa4 31.h6 Qc7 32.f5 g5 33.Bxg5 fxg5 34.Qxg5+ Kf8 35.Qf6+ Ke8
36.Ra1 Qe7 37.Qe6 Rd6 38.Qg8+ Qf8 39.Qg3 Qxh6 40.Rxa4 Qc1+ 41.Kf2 Qxb2+ 
0-1

[Event "Moscow it"]
[Site "Moscow URS"]
[Date "1981.04.16"]
[Round "9"]
[White "Andersson, Ulf"]
[Black "Karpov, Anatoly"]
[Result "1/2-1/2"]
[WhiteElo "2610"]
[BlackElo "2690"]
[EventDate "1981.04.04"]
[PlyCount "44"]

1.d4 Nf6 2.c4 e6 3.g3 d5 4.Nf3 Be7 5.Bg2 O-O 6.O-O dxc4 7.Qc2 a6 8.Qxc4 b5
9.Qc2 Bb7 10.Bg5 Nbd7 11.Bxf6 Nxf6 12.Nbd2 Rc8 13.Nb3 Be4 14.Qc3 Nd5 15.
Qc1 c5 16.Nxc5 Qb6 17.Qd2 Bxc5 18.dxc5 Rxc5 19.Rfc1 Rfc8 20.Rxc5 Qxc5 21.
Ne1 Bxg2 22.Kxg2 Qe7 1/2-1/2

[Event "Moscow it"]
[Site "Moscow URS"]
[Date "1981.04.16"]
[Round "9"]
[White "Timman, Jan"]
[Black "Beliavsky, Alexander"]
[Result "1/2-1/2"]
[WhiteElo "2620"]
[BlackElo "2620"]
[EventDate "1981.04.04"]
[PlyCount "83"]

1.e4 e5 2.Nf3 Nc6 3.Bb5 a6 4.Ba4 Nf6 5.d4 exd4 6.O-O Be7 7.Re1 O-O 8.e5 
Ne8 9.c3 dxc3 10.Nxc3 d6 11.exd6 Nxd6 12.Nd5 Be6 13.Bxc6 bxc6 14.Nxe7+ 
Qxe7 15.Ng5 Qf6 16.Nxe6 fxe6 17.Qe2 Rf7 18.f3 Nf5 19.Qxe6 Qd4+ 20.Kh1 Rb8 
21.Qxc6 h6 22.Qe4 Qf2 23.b3 Rd8 24.Be3 Nxe3 25.Qxe3 Qxe3 26.Rxe3 Rd2 27.b4
Rf4 28.a3 Rc4 29.h3 Rcc2 30.Rg1 c5 31.bxc5 Rxc5 32.Re4 Ra2 33.Ra4 a5 34.h4
h5 35.Kh2 Kh7 36.Kh3 Kh6 37.Rb1 Rcc2 38.Rb6+ g6 39.g4 Rh2+ 40.Kg3 Rag2+ 
41.Kf4 Rxh4 42.Rxa5 1/2-1/2

[Event "Moscow it"]
[Site "Moscow URS"]
[Date "1981.04.20"]
[Round "11"]
[White "Timman, Jan"]
[Black "Portisch, Lajos"]
[Result "1-0"]
[WhiteElo "2620"]
[BlackElo "2650"]
[EventDate "1981.04.04"]
[PlyCount "129"]

1.e4 e5 2.Nf3 Nf6 3.Nxe5 d6 4.Nf3 Nxe4 5.d4 d5 6.Bd3 Be7 7.O-O Nc6 8.Re1 
Bf5 9.Bb5 O-O 10.Bxc6 bxc6 11.Ne5 Bh4 12.Be3 Qd6 13.Qh5 Qf6 14.Nf3 g5 15.
Nbd2 Bg6 16.Qh6 Nd6 17.Bxg5 Bxg5 18.Qxg5 Qxg5 19.Nxg5 Rab8 20.b3 Nb5 21.c3
Nxc3 22.Ngf3 Rfe8 23.Ne5 Re6 24.Re3 Nb5 25.Nd7 Rd8 26.Nc5 Ree8 27.Nf3 f6 
28.Rae1 Kf7 29.g4 Be4 30.Nxe4 dxe4 31.Rxe4 Rxe4 32.Rxe4 Nc3 33.Re1 Nxa2 
34.Ra1 Nc3 35.Rxa7 Nb5 36.Ra4 Ke6 37.Rb4 Kd6 38.Nh4 Rg8 39.Nf5+ Kd7 40.f3 
h5 41.h3 hxg4 42.fxg4 Nd6 43.Nxd6 cxd6 44.Kh2 f5 45.gxf5 Rf8 46.d5 cxd5 
47.Rf4 Ke7 48.f6+ Kf7 49.Kg3 Rb8 50.b4 d4 51.Rxd4 Kxf6 52.h4 Ke5 53.Rg4 d5
54.h5 d4 55.h6 Kd5 56.h7 Rh8 57.Rg7 Kc4 58.Rb7 d3 59.Kf2 Re8 60.Rd7 Kc3 
61.Re7 Rd8 62.Ke1 Kxb4 63.Rc7 Kb5 64.Kd2 Kb6 65.Rg7 1-0

[Event "Moscow it"]
[Site "Moscow URS"]
[Date "1981.04.21"]
[Round "12"]
[White "Geller, Efim"]
[Black "Balashov, Yury"]
[Result "0-1"]
[WhiteElo "2615"]
[BlackElo "2600"]
[EventDate "1981.04.04"]
[PlyCount "116"]

1.e4 g6 2.d4 Bg7 3.Nf3 d6 4.Nc3 Nf6 5.Be2 O-O 6.O-O Bg4 7.Be3 Nc6 8.Ne1 
Bxe2 9.Qxe2 e5 10.dxe5 Nxe5 11.Rd1 Re8 12.Nd3 Nc4 13.Bg5 h6 14.Bh4 Qc8 15.
h3 c6 16.b3 Nb6 17.Rde1 g5 18.Bg3 Nbd5 19.Nxd5 cxd5 20.e5 Ne4 21.exd6 Nxd6
22.Qd1 Ne4 23.Bh2 Qc3 24.Kh1 Rac8 25.f3 Nf6 26.Rxe8+ Rxe8 27.f4 Ne4 28.
fxg5 hxg5 29.h4 gxh4 30.Qh5 Nf6 31.Qxh4 Qxc2 32.Qh3 Qc8 33.Qxc8 Rxc8 34.
Be5 Ne4 35.Rf5 Rc2 36.Kh2 Rxa2 37.Bxg7 Kxg7 38.Rxd5 Rd2 39.b4 Nc3 40.Rg5+ 
Kf6 41.Rg3 Ne4 42.Rf3+ Ke6 43.Nf4+ Ke5 44.Nd3+ Kd5 45.Rf5+ Ke6 46.Re5+ Kd6
47.Rxe4 Rxd3 48.g4 f6 49.Kg2 a6 50.Kf2 b5 51.Ke2 Rc3 52.g5 fxg5 53.Rg4 Kd5
54.Kd2 Rc6 55.Rxg5+ Kc4 56.Rg4+ Kb3 57.Rh4 Rc4 58.Rh6 Rc2+ 0-1

[Event "Moscow it"]
[Site "Moscow URS"]
[Date "1981.04.23"]
[Round "13"]
[White "Petrosian, Tigran"]
[Black "Gheorghiu, Florin"]
[Result "1/2-1/2"]
[WhiteElo "2585"]
[BlackElo "2605"]
[EventDate "1981.04.04"]
[PlyCount "38"]

1.d4 Nf6 2.c4 e6 3.Nc3 Bb4 4.e3 c5 5.Bd3 O-O 6.Ne2 d5 7.a3 Bxc3+ 8.bxc3 b6
9.cxd5 exd5 10.O-O Ba6 11.f3 Bxd3 12.Qxd3 Nc6 13.Ng3 Qd7 14.Bb2 Rad8 15.
Rad1 cxd4 16.cxd4 Ne8 17.e4 Nd6 18.Bc1 Nc4 19.f4 f6 1/2-1/2